Normal view
MARC view
- United States
Entry Geographic Name
001 - CONTROL NUMBER
- control field: 8292
003 - CONTROL NUMBER IDENTIFIER
- control field: NUST
005 - DATE AND TIME OF LATEST TRANSACTION
- control field: 20180111140732.0
008 - FIXED-LENGTH DATA ELEMENTS
- fixed length control field: 180111|| aca||aabn | a|a d
040 ## - CATALOGING SOURCE
- Original cataloging agency: NUST
- Transcribing agency: NUST
151 ## - HEADING--GEOGRAPHIC NAME
- Geographic name: United States
- General subdivision: Politics and government
- Chronological subdivision: 2001-2009.
670 ## - SOURCE DATA FOUND
- Source citation: Work cat.: (NUST)0: Dean, John W. (John Wesley), 1938- 8288, Broken government :, 2007.
